000
00372nam a2200181Ia 4500
100
_a
Sang/David/ Gibbs/K
650
_a
Physics
490
_v
1
942
_c
BK
366
_f
10
654
_a
physics 1
245
_a
Physics I
260
_b
Cambridge University Press
_a
Mumbai
_c
2000
082
_a
530/SAN
_b
SAN
300
_a
209
546
_a
ENGLISH
999
_c
31065
_d
31065